| 000 | 00875nam a22002297a 4500 | ||
|---|---|---|---|
| 003 | OSt | ||
| 005 | 20260326191409.0 | ||
| 008 | 241108b |||||||| |||| 00| 0 eng d | ||
| 040 | _c0 | ||
| 082 | _aDPer 647.94068 In821 August-October 2019 v. 81-83 | ||
| 100 |
_aGhost, Ankita. _eauthor. _963813 |
||
| 245 |
_aWhy do employees break rules? understanding organizational rule-breaking behaviors in hospitality / _cAnkita Ghost and Cass Shum. |
||
| 260 |
_aAmsterdam ; _bElsevier , _cAgust 2019. |
||
| 300 |
_aVolume 66, pages 1-10 : _billustration ; _c28 cm. |
||
| 500 | _aInternational Journal of Hospitality Management, vol. 81, pages 1-10, August 2019. | ||
| 650 | 0 |
_aRule-breaking. _966497 |
|
| 650 | 0 |
_aIntentions. _966498 |
|
| 650 | 0 |
_aConsequences. _966499 |
|
| 700 |
_aGhost, Ankita. _eauthor. _963813 |
||
| 700 |
_aShum, Cass. _eauthor. _966688 |
||
| 942 |
_2ddc _cPER |
||
| 999 |
_c23102 _d23102 |
||